000 00344nam a2200133Ia 4500
005 20251222175925.0
008 251222s9999||||xx |||||||||||||| ||spa||
082 _a863/M44
100 _aMesonero Romanos, Ramón de
245 0 _aEscenas Matritenses y Andaluzas
250 _a1ra.ed.
264 _bAmigos do Livro, Editores, LDA
942 _cLIB
999 _c40816
_d40816